[Event "Chinese Teams 2013"]
[Site "Tianjin CHN"]
[Date "2013.05.03"]
[Round "4.3"]
[White "Najer,E"]
[Black "Fang,Yan"]
[Result "1-0"]
[WhiteElo "2634"]
[BlackElo "2291"]

1.d4 Nf6 2.c4 d6 3.Nf3 Bg4 4.Nbd2 Nbd7 5.g3 c6 6.Bg2 e5 7.O-O Be7 8.Qc2 O-O
9.b3 Re8 10.Bb2 Bf8 11.dxe5 dxe5 12.Rae1 Qc7 13.h3 Bh5 14.Nh4 Rad8 15.g4 Bg6
16.Nxg6 hxg6 17.Rd1 Nc5 18.Bc3 a5 19.e3 b5 20.g5 Nh7 21.h4 b4 22.Ba1 Qc8
23.Ne4 Rxd1 24.Qxd1 Nxe4 25.Bxe4 Qh3 26.Bxc6 Re7 27.f4 exf4 28.Qf3 Qxh4 29.Qxf4 Qxg5+
30.Qxg5 Nxg5 31.Bd4 Ne4 32.Kg2 Nd6 33.Bb6 Nc8 34.Bd4 Nd6 35.Bd5 g5 36.Bb6 g6
37.Rf2 Ne4 38.Rc2 Nc3 39.a4 Re5 40.e4 Nxd5 41.exd5 f5 42.Rd2 Re7 43.d6 Rd7
44.c5 g4 45.c6  1-0

[Event "Chinese Teams 2013"]
[Site "Qingdao CHN"]
[Date "2013.10.11"]
[Round "12.3"]
[White "Najer,E"]
[Black "Wan Yunguo"]
[Result "1-0"]
[WhiteElo "2626"]
[BlackElo "2512"]

1.d4 Nf6 2.c4 g6 3.Nc3 d5 4.Nf3 Bg7 5.h4 c6 6.Bg5 h6 7.Bxf6 Bxf6 8.e3 Bg7
9.Qc2 O-O 10.Bd3 Be6 11.cxd5 cxd5 12.Qb3 Qb6 13.Qxb6 axb6 14.Kd2 Rd8 15.Rhc1 Bg4
16.Nh2 Bf5 17.Bxf5 gxf5 18.f4 Nc6 19.h5 e6 20.g4 fxg4 21.Nxg4 Kf8 22.Ne2 b5
23.Rc5 b4 24.Rb5 Rd7 25.Nc1 f5 26.Nf2 Bf6 27.Nfd3 Rg7 28.Nc5 Re8 29.Rxb7 Rxb7
30.Nxb7 Ke7 31.Ne2 Ra8 32.Nc5 Na5 33.b3 Nc6 34.Nd3 Kd6 35.Kd1 Be7 36.Kc2 Bf6
37.Kd1 Be7 38.Kc2 Bf6 39.Ne5 Bxe5 40.fxe5+ Kd7 41.Kd3 Ra7 42.Nf4 Ne7 43.Rg1 Rxa2
44.Rg7 Ke8 45.Nxe6 Rb2 46.Nc5 Rh2 47.e6 Rh3 48.Rh7 Nc6 49.Nb7 Rxh5 50.Nd6+ Kf8
51.Rf7+ Kg8 52.Rc7  1-0

[Event "Chinese Teams 2013"]
[Site "Qingdao CHN"]
[Date "2013.10.12"]
[Round "13.4"]
[White "Lu Shanglei"]
[Black "Najer,E"]
[Result "0-1"]
[WhiteElo "2538"]
[BlackElo "2626"]

1.e4 e5 2.Nc3 Nf6 3.g3 d5 4.exd5 Nxd5 5.Bg2 Nxc3 6.bxc3 Nc6 7.Nf3 Bc5 8.O-O O-O
9.Re1 Qf6 10.d3 Bb6 11.Bg5 Qd6 12.Nd2 Qg6 13.Be3 Ba5 14.c4 b6 15.Rb1 Bg4
16.f3 Bd7 17.Rf1 Rae8 18.Nb3 Bb4 19.Bd2 Bd6 20.Be3 Ne7 21.c5 Nd5 22.Qd2 Nxe3
23.Qxe3 Be7 24.f4 Qh6 25.Kh1 exf4 26.Qxf4 Qxf4 27.Rxf4 bxc5 28.Bd5 Bd6 29.Rf2 Re5
30.Bc4 g6 31.Na5 Kg7 32.Kg2 f5 33.Bb5 Rb8 34.Bxd7 Rxb1 35.Nc6 Ree1 36.Nxa7 c4
37.d4 Rg1+ 38.Kf3 Ra1 39.c3 Rgf1 40.Rxf1 Rxf1+ 41.Ke3 f4+ 42.gxf4 Bxf4+ 43.Ke2 Ra1
44.a4 Ra3 45.Bb5 Rxc3 46.a5 Rc2+ 47.Kf3 c3  0-1

[Event "TCh-CZE Extraliga 2013-14"]
[Site "Pardubice CZE"]
[Date "2013.11.30"]
[Round "3.1"]
[White "Kempinski,R"]
[Black "Najer,E"]
[Result "1/2-1/2"]
[WhiteElo "2590"]
[BlackElo "2641"]

1.d4 d5 2.c4 c6 3.e3 Nf6 4.Nf3 Bg4 5.h3 Bh5 6.Qb3 Qb6 7.Nc3 e6 8.Ne5 Nbd7
9.g4 Bg6 10.Nxg6 hxg6 11.Bg2 g5 12.c5 Qc7 13.e4 dxe4 14.Bxg5 e5 15.Bxf6 gxf6
16.Nxe4 exd4 17.O-O-O O-O-O 18.Rxd4 Nxc5 19.Rxd8+  1/2-1/2

[Event "TCh-CZE Extraliga 2013-14"]
[Site "Litovel CZE"]
[Date "2013.12.01"]
[Round "4.1"]
[White "Najer,E"]
[Black "Swiercz,D"]
[Result "1-0"]
[WhiteElo "2641"]
[BlackElo "2627"]

1.e4 e5 2.Nf3 Nc6 3.Bb5 Nf6 4.d3 d6 5.O-O Be7 6.h3 O-O 7.c4 Nd4 8.Nxd4 exd4
9.Nd2 Nd7 10.Ba4 a6 11.b4 c5 12.a3 Rb8 13.Rb1 b5 14.Bc2 Ne5 15.f4 Nc6 16.cxb5 axb5
17.Bb3 Be6 18.Bxe6 fxe6 19.bxc5 dxc5 20.a4 Nb4 21.axb5 Nxd3 22.Nc4 Nb4 23.b6 Rxb6
24.Nxb6 Qxb6 25.Ba3 c4 26.Kh1 Rb8 27.f5 e5 28.f6 gxf6 29.Rf3 Kh8 30.Rg3 Qe6
31.Qa4 c3 32.Bxb4 c2 33.Qxc2 Rxb4 34.Rxb4 Bxb4 35.Qc7 Bf8 36.Kh2 Qe7 37.Qc4 Bg7
38.Qd5 h6 39.Rb3 Qc7 40.Rb7 Qc1 41.Qd8+ Kh7 42.Qxf6 Qf4+ 43.Qxf4 exf4 44.Kg1 Kg6
45.Kf2  1-0

[Event "TCh-CZE Extraliga 2013-14"]
[Site "Lysa nad Labem CZE"]
[Date "2014.01.18"]
[Round "5.1"]
[White "Najer,E"]
[Black "Jurcik,Mari"]
[Result "1-0"]
[WhiteElo "2641"]
[BlackElo "2481"]

1.e4 e6 2.d4 d5 3.Nc3 Nf6 4.e5 Nfd7 5.f4 c5 6.Nf3 Nc6 7.Be3 cxd4 8.Nxd4 Bc5
9.Qd2 O-O 10.O-O-O a6 11.Nb3 Be7 12.g4 b5 13.h4 Na5 14.Bd4 Nc4 15.Qg2 Qc7
16.Bd3 Rb8 17.g5 b4 18.Na4 Qc6 19.h5 Qxa4 20.Bxh7+ Kh8 21.g6 Qxa2 22.h6 Bc5
23.Qg5 Bxd4 24.hxg7+  1-0

[Event "TCh-CZE Extraliga 2013-14"]
[Site "Lysa nad Labem CZE"]
[Date "2014.01.19"]
[Round "6.1"]
[White "Michalik,P"]
[Black "Najer,E"]
[Result "1/2-1/2"]
[WhiteElo "2576"]
[BlackElo "2641"]

1.Nf3 d5 2.c4 d4 3.e3 Nc6 4.exd4 Nxd4 5.Nxd4 Qxd4 6.Nc3 c6 7.d3 Nh6 8.Be3 Qd8
9.d4 Nf5 10.Qd2 g6 11.d5 cxd5 12.Qxd5 Nxe3 13.fxe3 Qxd5 14.Nxd5 Rb8 15.Rd1 e6
16.Nc7+ Ke7 17.Nb5 Bg7 18.b3 Bd7 19.a4 a6 20.Nd4 f5 21.Be2 g5 22.O-O a5 23.g4 fxg4
24.Bxg4 Rbc8 25.Nb5 Rhf8 26.Bf3 b6 27.Be4 Rxf1+ 28.Rxf1 Be5 29.Nd4 h6 30.Kg2 Rc5
31.h3 Be8 32.Bf3 Bd6 33.Kf2 Bg6 34.Bg4 Bf7 35.Ke2 Be5 36.Rxf7+ Kxf7 37.Nxe6 Bd6
38.Nxc5 Bxc5 39.Kf3 Kg6 40.Ke4 Kf6 41.Bd1  1/2-1/2

[Event "TCh-CZE Extraliga 2013-14"]
[Site "Ostrava CZE"]
[Date "2014.02.16"]
[Round "8.1"]
[White "Najer,E"]
[Black "Miton,K"]
[Result "1/2-1/2"]
[WhiteElo "2641"]
[BlackElo "2597"]

1.e4 c6 2.d4 d5 3.e5 Bf5 4.Nf3 e6 5.Be2 Ne7 6.Nbd2 c5 7.dxc5 Nec6 8.Nb3 Nd7
9.Be3 Bg4 10.O-O Bxf3 11.Bxf3 Ndxe5 12.Bd4 Be7  1/2-1/2

[Event "TCh-CZE Extraliga 2013-14"]
[Site "Prague CZE"]
[Date "2014.03.21"]
[Round "9.1"]
[White "Carlsson,P"]
[Black "Najer,E"]
[Result "1/2-1/2"]
[WhiteElo "2499"]
[BlackElo "2641"]

1.e4 c5 2.c3 Nf6 3.e5 Nd5 4.d4 cxd4 5.Nf3 Nc6 6.cxd4 d6 7.Bc4 Nb6 8.Bb5 dxe5
9.Nxe5 Bd7 10.Nc3 Nxe5 11.dxe5 Bxb5 12.Nxb5 Qxd1+ 13.Kxd1 Nd5 14.Bd2 e6 15.Rc1 Kd7
16.Ke2 Be7 17.Nc3 Nxc3+ 18.Rxc3 Rhc8 19.Rhc1 Rxc3 20.Rxc3 Rc8 21.Rxc8 Kxc8
22.b4 Kc7 23.Kd3 Kc6 24.Kc4 b5+ 25.Kd4 a5 26.bxa5 Bc5+ 27.Ke4 Bxf2 28.Bb4 Kb7
29.Bf8 g6 30.Bb4 Ka6 31.g3 h6 32.Bd2 h5 33.Bb4 Bg1 34.h3 Bf2 35.Kf3 Bd4 36.Ke4 Bb2
37.Kf4 Bc1+ 38.Ke4 Bg5 39.Kd4 Bd8 40.a3 Bxa5 41.Kc5 Bc7 42.Bc3 Ba5 43.Bb4 Bc7
44.Bc3 Ba5 45.Bb4  1/2-1/2

[Event "TCh-CZE Extraliga 2013-14"]
[Site "Lysa nad Labem CZE"]
[Date "2014.03.23"]
[Round "11.2"]
[White "Cyborowski,L"]
[Black "Najer,E"]
[Result "0-1"]
[WhiteElo "2526"]
[BlackElo "2641"]

1.c4 e5 2.g3 Nc6 3.Bg2 g6 4.Nc3 Bg7 5.d3 d6 6.Nf3 Nf6 7.O-O O-O 8.Rb1 a5
9.a3 h6 10.b4 axb4 11.axb4 Be6 12.b5 Ne7 13.d4 Nd7 14.dxe5 dxe5 15.Qb3 Nf5
16.Nd2 Re8 17.e3 Nc5 18.Qc2 Nd6 19.Nd5 e4 20.b6 cxb6 21.Nxb6 Ra7 22.Nd5 h5
23.Bb2 Ra2 24.Nc3 Rxb2 25.Rxb2 Bxc3 26.Qxc3 Na4 27.Qb4 Nxb2 28.Qxb2 Nxc4
29.Nxc4 Bxc4 30.Rc1 b5 31.Bf1 Qd5 32.Bxc4 bxc4 33.Qd4 Qxd4 34.exd4 Rc8 35.Kf1 Kf8
36.Ke2 Ke7 37.Kd2 Ke6 38.Kc3 Ra8 39.Rb1 Ra2 40.Rb6+ Kf5 41.Rb7 f6 42.Re7 Rxf2
43.d5 Rxh2 44.d6 Rg2 45.d7 Rxg3+ 46.Kxc4 Rd3 47.Kc5 h4 48.Kc6 g5 49.Re8 h3
50.d8=Q Rxd8 51.Rxd8 g4  0-1